000 01190nam0a2200265 i 4500
001 RU\NLR\bibl\309353
005 20240725171753.0
035 _a(NLR Aleph) 000304495
090 _a10831
_c10831
100 _a20020626d1996 |||y0rusy50 ca
101 0 _arus
102 _aRU
105 _ay dm |||||
200 1 _aРегиональные структуры пенитенциарной системы и благотворительно-тюремные общества России на рубеже XIX - XX веков
_e(на материалах Твер. губернии)
_eАвтореф. дис. на соиск. учен. степ. к.ист.н.
_eСпец. 07.00.02
_fЗориков Алексей Николаевич
_g[Твер. гос. ун-т]
210 _aТверь
_d1996
215 _a24 с.
_d21
320 _aБиблиогр.: с. 24 (3 назв.) и в подстроч. примеч.
686 _a07.00.02
_2oksvnk
700 1 _aЗориков
_bА. Н.
_gАлексей Николаевич
801 0 _aRU
_bNLR
_c20020920
_gPSBO
801 1 _aRU
_bNLR
_c20020920
852 _aNLR
_j98-6/3592
942 _cBOOK